000 00472nam a2200157Ia 4500
008 210716s2010 xx 000 0 und d
020 _a9788173197918
041 _aeng
082 _a515.6 SHIS
100 _aShivaswamy, Shashishekar.
245 _aFinite element analysis and programming: an introduction.
_bIntroduction.
250 _a1
260 _aNew Delhi
_bNarosa Publishing House
_c2010
300 _axviii,20.56,S.4
650 _aStatistical Mathematics(519.5)
999 _c191218
_d191218